000 01070nam a2200229Ia 4500
999 _c29107
_d29107
003 OSt
005 20210102105838.0
008 160316s2007 xxu||||| |||| 00| 0 eng d
020 _a9780314169518
040 _cNLS
082 _a346.017
_bABR
100 _aAbrams Douglas E
245 _aChildren and the law : Doctorine, policy and practice
250 _a3rd
260 _aNew York
_bThomson
_c2007
300 _a1196p
_cxxxiii
365 _b Gratis
505 _aSummary of Contents; Preface; Acknowledgements; Table of Cases; 1. The Status, Rights, Rights and Obligations of Children; 2. Defining the Child-Parent Relationship; 3. Representing Children; 4. Abuse and Neglect; 5. Foster Care; 6. Criminal abuse and Neglect; 7. Adoption; 8. Medical Decision-Making; 9. Financial Responsibility and Control; 10. Regulation of Children’s Conduct; 11. Delinquency; Index.
650 _a1. Children - Legal status - U S A - Cases2. Parent & Child Law 3. Juvenile Justice - Administration Of
700 _aRamsey Sarah H
_a
942 _2ddc
_cBK